000 02618nam a2200325Ia 4500
999 _c55072
_d55072
001 22147
003 GE_BSU
005 20221208114130.0
008 181216s ||||ge |||||||||||||| ||geo||
020 _a9789941437335
040 _cGE_BSU
041 _ageo
080 _a821-1.03=353.1 გ-23
100 _aგაჩეჩილაძე, გივი
_95703
245 _aნაცნობი თარგმანები :
_bუცნობი ლირიკა /
_cგივი გაჩეჩილაძე ; კრებული შეადგინა, შენიშვნ. და ბიოგრ. ნარკვევი დაურთო რევაზ გაჩეჩილაძემ ; რედ. ლია ჯინორია.
264 _aთბილისი :
_bლოგოსი,
_c2012.
300 _a416 გვ. :
_b ფოტ. ;
_c20 სმ.
490 _aპროგრამა "ლოგოსი" პუბლიკაციები და ღონისძიებები კლასიკური ფილოლოგიის, ბიზანტინისტიკისა და ნეოგრეცისტიკის სფეროში
500 _aწიგნში აგრეთვე გივი გაჩეჩილაძე : Vanitas vanitatum et omnia vanitas! გივი გაჩეჩილაძის გამოსვლის ფრაგმენტი ოთარ იოსელიანის ფილმის "გიორგობისთვის" განხილვისა
520 _aწიგნში აგრეთვე: გივი გაჩეჩილაძე: Vanitas vanitatum et omnia vanitas!. გივი გაჩეჩილაძის გამოსვლის ფრაგმენტი ოთარ იოსელიანის ფილმის "გიორგობისთვის" განხილვისას.
541 _h9ლ.
653 _aლიტერატურა
653 _aნაცნობი თარგმანები
653 _aუცნობი ლირიკა
653 _aქართველი მთარგმნელები
653 _aქართველი მწერლები
700 _aჯინორია, ლია
_eრედაქტორი
_916345
710 _a თსუ
_bკლასიკური ფილოლოლოგიის, ბიზანტიკისა და ნეოგრეცისტიკის ინსტიტუტი
_916346
942 _cBK
_2udc